000 00482nam a2200193Ia 4500
008 220531s9999 xx 000 0 und d
041 _aeng
082 _a-
_bJOS
100 _aJoshi, P. M.
_968435
245 _aArtistic And Realistic Mode In R. K. Narayans Fiction
250 _a1ST
260 _aJaipur
_bAadi
_c2014
300 _a158
542 _d22-04-2015
551 _aEnglish
_bUgc-ENG
650 _aFiction
_968436
906 _d2015-2016
999 _c38449
_d38449